000
00323nam a22001337a 4500
008
171009b xxu||||| |||| 00| 0 eng d
020
_a
0471996904
041
_a
eng
080
_a
159.9
100
_a
49
101
_a
PSI
245
_a
EMERGING STRATEGIES IN SOCIAL PSYCHOLOGICAL RESEARCH
_c
GINSBURG,G.P
942
_2
udc
_c
BK
999
_c
32459
_d
32459